[Event "Goiania op"]
[Site "Goiania"]
[Date "2021.08.28"]
[Round "3"]
[White "Silva, Gustavo Queiroz Dos"]
[Black "Santos, Wenesley da Luz"]
[Result "1-0"]
[WhiteElo "1973"]
[BlackElo "1270"]
[PlyCount "37"]
[EventDate "2021.08.28"]
[EventType "swiss"]
[EventRounds "5"]
[EventCountry "BRA"]
[SourceTitle "CBM 204 Extra"]
[Source "ChessBase"]
[SourceDate "2021.11.30"]
[SourceVersion "1"]
[SourceVersionDate "2021.11.30"]
[SourceQuality "1"]

1. e4 c5 2. c3 d6 3. d4 cxd4 4. cxd4 Nf6 5. Nc3 e6 6. Nf3 a6 7. Bd3 Nc6 8. 0-0 Be7 9. Qe2 Qc7 10. e5 Nd5 11. Nxd5 exd5 12. Bf4 dxe5 13. Nxe5 Qd8 14. Qh5 Nxe5 15. Bxe5 Bf6 16. Rae1 Be6 17. f4 g6 18. Qh6 Kd7 19. f5 1-0

[Event "World University-ch"]
[Site "Aracaju"]
[Date "2018.09.18"]
[Round "9"]
[White "Silva, Gustavo Queiroz Dos"]
[Black "Dixit, Nikhil"]
[Result "0-1"]
[WhiteElo "2037"]
[BlackElo "2262"]
[PlyCount "74"]
[EventDate "2018.09.13"]
[EventType "swiss"]
[EventRounds "9"]
[EventCountry "BRA"]
[SourceTitle "CBM 186 Extra"]
[Source "ChessBase"]
[SourceDate "2018.08.24"]
[SourceVersion "1"]
[SourceVersionDate "2018.08.24"]
[SourceQuality "1"]

1. e4 g6 2. d4 Bg7 3. Nf3 d6 4. Bd3 Nf6 5. 0-0 0-0 6. Re1 Nc6 7. c3 e5 8. Na3 Bg4 9. Nc2 d5 10. exd5 Nxd5 11. dxe5 Bxf3 12. Qxf3 Nxe5 13. Qg3 Nxd3 14. Qxd3 Nxc3 15. Qxd8 Rfxd8 16. bxc3 Bxc3 17. Bf4 Bxa1 18. Rxa1 f6 19. h4 c5 20. Ne3 Rd4 21. g3 h5 22. Rc1 b6 23. Nc4 Rad8 24. Kg2 Rd1 25. Rc2 Kf7 26. a4 R1d7 27. a5 b5 28. Nd2 c4 29. Nxc4 bxc4 30. Rxc4 Rd4 31. Rc6 R8d7 32. Be3 Rb4 33. Ra6 Rbb7 34. Kf3 Rbc7 35. Kg2 Rb7 36. Kf3 Rbc7 37. Kg2 Re7 0-1

[Event "World University-ch"]
[Site "Aracaju"]
[Date "2018.09.14"]
[Round "3"]
[White "Silva, Gustavo Queiroz Dos"]
[Black "Carstens Dobuchak, Thiago"]
[Result "0-1"]
[WhiteElo "2037"]
[BlackElo "2112"]
[PlyCount "58"]
[EventDate "2018.09.13"]
[EventType "swiss"]
[EventRounds "9"]
[EventCountry "BRA"]
[SourceTitle "CBM 186 Extra"]
[Source "ChessBase"]
[SourceDate "2018.08.24"]
[SourceVersion "1"]
[SourceVersionDate "2018.08.24"]
[SourceQuality "1"]

1. e4 c5 2. c3 Nf6 3. e5 Nd5 4. d4 cxd4 5. Nf3 Nc6 6. Bc4 Nb6 7. Bb3 d5 8. cxd4 Bg4 9. Be3 e6 10. 0-0 Be7 11. Nc3 0-0 12. h3 Bh5 13. g4 Bg6 14. Nd2 Bd3 15. f4 Bxf1 16. Qxf1 Na5 17. Bc2 Nac4 18. Qd3 g6 19. Nxc4 Nxc4 20. Bc1 Rc8 21. f5 Qb6 22. Na4 Qb4 23. f6 Qe1+ 24. Kg2 Bb4 25. Nc3 Na3 26. bxa3 Rxc3 27. Bd2 Qxa1 28. Bxc3 Bxc3 29. Qe3 Bxd4 0-1

[Event "World University-ch"]
[Site "Aracaju"]
[Date "2018.09.13"]
[Round "1"]
[White "Gaehwiler, Gabriel"]
[Black "Silva, Gustavo Queiroz Dos"]
[Result "1-0"]
[WhiteElo "2436"]
[BlackElo "2037"]
[PlyCount "43"]
[EventDate "2018.09.13"]
[EventType "swiss"]
[EventRounds "9"]
[EventCountry "BRA"]
[SourceTitle "CBM 186 Extra"]
[Source "ChessBase"]
[SourceDate "2018.08.24"]
[SourceVersion "1"]
[SourceVersionDate "2018.08.24"]
[SourceQuality "1"]

1. d4 Nf6 2. Nf3 g6 3. b3 Bg7 4. Bb2 c5 5. dxc5 Qa5+ 6. Nbd2 0-0 7. e3 Nc6 8. a3 Qxc5 9. c4 a5 10. Be2 e5 11. 0-0 Re8 12. Ng5 b6 13. Nde4 Nxe4 14. Nxe4 Qe7 15. Nd6 Rf8 16. Qd5 Ba6 17. Rfd1 Kh8 18. Bc3 f5 19. b4 f4 20. b5 fxe3 21. fxe3 Qg5 22. Qe4 1-0

[Event "World University-ch"]
[Site "Aracaju"]
[Date "2018.09.13"]
[Round "2"]
[White "Sai Agni, Jeevitesh J"]
[Black "Silva, Gustavo Queiroz Dos"]
[Result "1-0"]
[WhiteElo "2364"]
[BlackElo "2037"]
[PlyCount "59"]
[EventDate "2018.09.13"]
[EventType "swiss"]
[EventRounds "9"]
[EventCountry "BRA"]
[SourceTitle "CBM 186 Extra"]
[Source "ChessBase"]
[SourceDate "2018.08.24"]
[SourceVersion "1"]
[SourceVersionDate "2018.08.24"]
[SourceQuality "1"]

1. d4 Nf6 2. c4 c5 3. d5 b5 4. cxb5 a6 5. f3 g6 6. e4 d6 7. Na3 Bg7 8. Ne2 0-0 9. Nc3 Nbd7 10. Be2 Nb6 11. 0-0 e6 12. dxe6 fxe6 13. Be3 Qe7 14. Qd2 Ne8 15. Rfd1 Kh8 16. Kh1 Bb7 17. bxa6 Bxa6 18. Bxa6 Rxa6 19. Bh6 Nc7 20. Bxg7+ Qxg7 21. Rac1 Rfa8 22. Qxd6 Nc4 23. Qxc5 Nxb2 24. Rd2 Qh6 25. Ncb1 Rxa3 26. Qe5+ Kg8 27. Rxc7 R3a5 28. Qxe6+ Kh8 29. Qf6+ Kg8 30. Rdd7 1-0

[Event "Trindade op"]
[Site "Trindade"]
[Date "2018.08.31"]
[Round "1"]
[White "Grum, Amanda Soares"]
[Black "Silva, Gustavo Queiroz Dos"]
[Result "0-1"]
[WhiteElo "1375"]
[BlackElo "2037"]
[PlyCount "30"]
[EventDate "2018.08.31"]
[EventType "swiss"]
[EventRounds "6"]
[EventCountry "BRA"]
[SourceTitle "CBM 187 Extra"]
[Source "ChessBase"]
[SourceDate "2018.11.04"]
[SourceVersion "1"]
[SourceVersionDate "2018.11.04"]
[SourceQuality "1"]

1. e4 e5 2. Nf3 Nc6 3. Bc4 Nf6 4. 0-0 Nxe4 5. Re1 d5 6. Bb5 Bc5 7. Bxc6+ bxc6 8. d4 Bb6 9. Nxe5 0-0 10. Nxc6 Qf6 11. f3 Qxc6 12. fxe4 dxe4 13. Be3 f5 14. d5 Bxe3+ 15. Rxe3 Qb6 0-1

[Event "BRA-ch Universities"]
[Site "Vitoria"]
[Date "2018.06.08"]
[Round "4"]
[White "Silva, Gustavo Queiroz Dos"]
[Black "Da Silva Araujo, Gabriel Victor"]
[Result "1/2-1/2"]
[WhiteElo "2019"]
[BlackElo "1977"]
[PlyCount "101"]
[EventDate "2018.06.06"]
[EventType "swiss"]
[EventRounds "7"]
[EventCountry "BRA"]
[SourceTitle "EXT 2019"]
[Source "ChessBase"]
[SourceDate "2018.10.10"]
[SourceVersion "1"]
[SourceVersionDate "2018.10.10"]
[SourceQuality "1"]

1. e4 c5 2. c3 d5 3. exd5 Qxd5 4. d4 g6 5. Na3 cxd4 6. Nb5 Qd8 7. Bf4 Na6 8. Nf3 Nf6 9. Nbxd4 Bg7 10. Be2 0-0 11. 0-0 Nc5 12. h3 Ne6 13. Be5 Qa5 14. Bc4 Nxd4 15. Qxd4 Rd8 16. Qh4 b5 17. Bb3 h6 18. Rfe1 Bf5 19. Bxf6 exf6 20. Nd4 Bd7 21. Re7 Be8 22. Qe4 f5 23. Qb7 Qb6 24. Bxf7+ Bxf7 25. Rxf7 Qxb7 26. Rxb7 Bxd4 27. cxd4 Rxd4 28. Rc1 Rc4 29. Rd1 Rc6 30. Rxb5 Rc7 31. Rbd5 Re8 32. Rd7 Rxd7 33. Rxd7 Re1+ 34. Kh2 Re2 35. Rxa7 Rxb2 36. f4 Rc2 37. Kg3 Rb2 38. Kf3 Rc2 39. g4 Rc3+ 40. Kg2 Rc2+ 41. Kg3 Rc3+ 42. Kh4 Rc4 43. Kg3 Rc3+ 44. Kg2 Rc2+ 45. Kf1 fxg4 46. hxg4 Rc4 47. Kg2 Rxf4 48. Kg3 Rc4 49. a4 Rb4 50. a5 Ra4 51. a6 1/2-1/2

[Event "Goiania op"]
[Site "Goiania"]
[Date "2016.05.13"]
[Round "2"]
[White "Felix, Luiza de Oliveira"]
[Black "Silva, Gustavo Queiroz Dos"]
[Result "0-1"]
[WhiteElo "1575"]
[BlackElo "2008"]
[PlyCount "52"]
[EventDate "2016.05.13"]
[EventType "swiss"]
[EventRounds "6"]
[EventCountry "BRA"]
[SourceTitle "CBM 172 Extra"]
[Source "ChessBase"]
[SourceDate "2016.06.21"]
[SourceVersion "1"]
[SourceVersionDate "2016.06.21"]
[SourceQuality "1"]

1. e4 e5 2. Nf3 Nc6 3. Bc4 Nf6 4. d3 Bc5 5. c3 d5 6. exd5 Nxd5 7. 0-0 0-0 8. Re1 Be6 9. Bg5 Qd7 10. Nbd2 f6 11. Ne4 Bb6 12. Be3 Kh8 13. Nc5 Bxc5 14. Bxc5 Rfd8 15. d4 Nf4 16. Qb3 Bxc4 17. Qxc4 Qg4 18. Qf1 b6 19. Ba3 exd4 20. cxd4 Nxd4 21. Nxd4 Rxd4 22. Rad1 Rxd1 23. Rxd1 Nh3+ 24. Kh1 Qxd1 25. Qxd1 Nxf2+ 26. Kg1 Nxd1 0-1

[Event "Goiania Prevest op"]
[Site "Goiania"]
[Date "2015.11.28"]
[Round "3.5"]
[White "Silva, Gustavo Queiroz Dos"]
[Black "Labussiere, Yago"]
[Result "1-0"]
[WhiteElo "1996"]
[BlackElo "1521"]
[PlyCount "33"]
[EventDate "2015.11.27"]
[EventType "swiss"]
[EventRounds "6"]
[EventCountry "BRA"]
[SourceTitle "EXT 2022"]
[Source "ChessBase"]
[SourceDate "2021.10.06"]
[SourceVersion "1"]
[SourceVersionDate "2021.10.06"]
[SourceQuality "1"]

1. e4 c5 2. c3 d5 3. exd5 Qxd5 4. d4 cxd4 5. cxd4 Nc6 6. Nf3 Bg4 7. Nc3 Qd8 8. d5 Bxf3 9. Qxf3 Ne5 10. Bb5+ Nd7 11. 0-0 Ngf6 12. Bg5 a6 13. Ba4 b5 14. Bb3 g6 15. d6 e6 16. Nd5 Bg7 17. Nc7+ 1-0

[Event "Goiania Goias-ch"]
[Site "Goiania"]
[Date "2015.02.28"]
[Round "3"]
[White "Silva, Gustavo Queiroz Dos"]
[Black "Valente, Fernando Cesar"]
[Result "1-0"]
[WhiteElo "2014"]
[BlackElo "1484"]
[PlyCount "67"]
[EventDate "2015.02.27"]
[EventType "swiss"]
[EventRounds "6"]
[EventCountry "BRA"]
[SourceTitle "CBM 165 Extra"]
[Source "ChessBase"]
[SourceDate "2015.04.21"]
[SourceVersion "1"]
[SourceVersionDate "2015.04.21"]
[SourceQuality "1"]

1. e4 d6 2. d4 Nf6 3. Nc3 e5 4. dxe5 dxe5 5. Qxd8+ Kxd8 6. Bc4 Ke8 7. Nf3 Bd6 8. Bg5 a6 9. Nh4 Bb4 10. Bxf6 gxf6 11. Kd2 Bxc3+ 12. Kxc3 Nc6 13. Kd2 Be6 14. Bd3 Rd8 15. Rhd1 Nb4 16. a3 Nxd3 17. cxd3 Rd7 18. Ke3 Ke7 19. d4 exd4+ 20. Rxd4 Rhd8 21. Rxd7+ Rxd7 22. Rc1 c6 23. f4 Rd6 24. h3 Bd7 25. Nf5+ Bxf5 26. exf5 Rd5 27. g4 Rb5 28. b4 a5 29. Rc5 Rxc5 30. bxc5 Kd7 31. g5 Kc7 32. h4 b6 33. cxb6+ Kxb6 34. h5 1-0

[Event "Goiania-ch U18"]
[Site "Goiania"]
[Date "2014.04.06"]
[Round "3"]
[White "Gattamorta, Julia Marzanatti"]
[Black "Silva, Gustavo Queiroz Dos"]
[Result "0-1"]
[WhiteElo "1795"]
[BlackElo "2014"]
[PlyCount "50"]
[EventDate "2014.04.05"]
[EventType "tourn"]
[EventRounds "5"]
[EventCountry "BRA"]
[SourceTitle "EXT 2016"]
[Source "ChessBase"]
[SourceDate "2015.10.08"]
[SourceVersion "1"]
[SourceVersionDate "2015.10.08"]
[SourceQuality "1"]

1. e4 e5 2. Nf3 Nf6 3. Nc3 Nc6 4. Bc4 Nxe4 5. Nxe4 d5 6. Bxd5 Qxd5 7. d3 Bg4 8. Nc3 Bxf3 9. Qxf3 Qxf3 10. gxf3 Nd4 11. Kd1 Nxf3 12. Nb5 Kd7 13. Ke2 Nd4+ 14. Nxd4 exd4 15. Bf4 Bd6 16. Bg3 Rae8+ 17. Kf3 Re6 18. Rag1 Rhe8 19. Bxd6 Kxd6 20. Rxg7 Rf6+ 21. Kg3 Re2 22. Rg4 c5 23. f4 Rxc2 24. h4 Rxb2 25. Rd1 Rxa2 0-1

[Event "Goiania-ch U18"]
[Site "Goiania"]
[Date "2014.04.06"]
[Round "4"]
[White "Silva, Gustavo Queiroz Dos"]
[Black "Oliveira, Gabriel Barbosa"]
[Result "1-0"]
[WhiteElo "2014"]
[BlackElo "1809"]
[PlyCount "69"]
[EventDate "2014.04.05"]
[EventType "tourn"]
[EventRounds "5"]
[EventCountry "BRA"]
[SourceTitle "EXT 2016"]
[Source "ChessBase"]
[SourceDate "2015.10.08"]
[SourceVersion "1"]
[SourceVersionDate "2015.10.08"]
[SourceQuality "1"]

1. Nc3 Nf6 2. e4 e5 3. Bc4 Bc5 4. Nf3 Nc6 5. d3 h6 6. 0-0 0-0 7. a3 a5 8. Be3 Bxe3 9. fxe3 d6 10. Qe1 Be6 11. Bxe6 fxe6 12. d4 exd4 13. exd4 e5 14. dxe5 Nxe5 15. Nxe5 dxe5 16. Rd1 Qe7 17. Nd5 Qc5+ 18. Qf2 Qxf2+ 19. Rxf2 c6 20. Nxf6+ Rxf6 21. Rxf6 gxf6 22. Rd7 Rb8 23. Kf2 b5 24. Kf3 b4 25. a4 Kf8 26. Kg4 c5 27. b3 Rc8 28. Kf5 Rc6 29. Ra7 h5 30. Rxa5 Kg7 31. Ra7+ Kh6 32. Rf7 Rc8 33. a5 Ra8 34. a6 Rc8 35. a7 1-0

[Event "Goiania Gomes Memorial"]
[Site "Goiania"]
[Date "2013.12.07"]
[Round "6"]
[White "Silva, Gustavo Queiroz Dos"]
[Black "Wilhelms, Diego Lima"]
[Result "0-1"]
[WhiteElo "1990"]
[BlackElo "2151"]
[PlyCount "96"]
[EventDate "2013.11.30"]
[EventType "tourn"]
[EventRounds "9"]
[EventCountry "BRA"]
[SourceTitle "EXT 2015"]
[Source "ChessBase"]
[SourceDate "2014.11.20"]
[SourceVersion "1"]
[SourceVersionDate "2014.11.20"]
[SourceQuality "1"]

1. e4 c5 2. c3 Nf6 3. e5 Nd5 4. d4 cxd4 5. cxd4 Nc6 6. Nf3 d6 7. Bc4 Nb6 8. Bb5 dxe5 9. Nxe5 Bd7 10. Bxc6 Bxc6 11. Nxc6 bxc6 12. 0-0 g6 13. Be3 Bg7 14. Nc3 0-0 15. Rc1 Rc8 16. a4 Qd7 17. a5 Nc4 18. b4 Rb8 19. Rb1 Rfd8 20. Re1 h5 21. Qd3 Nd6 22. Bf4 Rbc8 23. Be5 Nf5 24. Bxg7 Kxg7 25. Rbd1 Qb7 26. Qc4 Rb8 27. d5 Qxb4 28. Qxb4 Rxb4 29. dxc6 Rxd1 30. Rxd1 Rc4 31. Nb5 Rxc6 32. Nxa7 Ra6 33. Nb5 Rxa5 34. Nc3 e5 35. Re1 Nd4 36. f3 f5 37. Ne2 Nc2 38. Rc1 Ne3 39. Kf2 f4 40. g3 Ra2 41. h4 Nf5 42. gxf4 Nd4 43. fxe5 Rxe2+ 44. Kg3 Rxe5 45. Rd1 Nf5+ 46. Kf4 Kf6 47. Re1 Ra5 48. Re5 Ra4+ 0-1

[Event "BRA-ch sf1 80th"]
[Site "Rio de Janeiro"]
[Date "2013.11.01"]
[Round "3"]
[White "Da Silva, Jhonny Joao Balbino"]
[Black "Silva, Gustavo Queiroz Dos"]
[Result "0-1"]
[WhiteElo "1934"]
[BlackElo "1957"]
[PlyCount "126"]
[EventDate "2013.10.31"]
[EventType "swiss"]
[EventRounds "7"]
[EventCountry "BRA"]
[SourceTitle "EXT 2014"]
[Source "ChessBase"]
[SourceDate "2013.11.20"]
[SourceVersion "1"]
[SourceVersionDate "2013.11.20"]
[SourceQuality "1"]

1. e4 e5 2. Nf3 Nc6 3. Bb5 a6 4. Bxc6 dxc6 5. 0-0 Bd6 6. d4 exd4 7. Qxd4 f6 8. Nbd2 Ne7 9. Nc4 Be6 10. Nxd6+ cxd6 11. Rd1 d5 12. Bf4 0-0 13. Qe3 Qe8 14. Nd4 Bf7 15. Nb3 Bg6 16. f3 dxe4 17. fxe4 Bh5 18. Rf1 Qc8 19. c4 Re8 20. Rae1 Bf7 21. Qc3 Ng6 22. Bd6 Qe6 23. c5 Qc4 24. Qxc4 Bxc4 25. Rf3 a5 26. a4 Ne5 27. Rfe3 Nd3 28. R1e2 Bxb3 29. Rxd3 Bc4 30. Rde3 Bxe2 31. Rxe2 Re6 32. Kf2 b5 33. axb5 cxb5 34. Kf3 Rc8 35. Ke3 Kf7 36. Kd4 Ke8 37. Kd5 Kd7 38. Re3 a4 39. Rg3 g6 40. h4 Rc6 41. h5 Rcxd6+ 42. cxd6 Re5+ 43. Kd4 Rxh5 44. Rf3 f5 45. e5 Ke6 46. Re3 f4 47. Re2 b4 48. Kc5 a3 49. bxa3 bxa3 50. Kc6 Rf5 51. d7 Rf8 52. Rd2 Rd8 53. Kc7 a2 54. Rd6+ Ke7 55. Ra6 Rxd7+ 56. Kc6 Rd2 57. Kc5 g5 58. Kc4 g4 59. Kc3 Rxg2 60. Kd3 f3 61. Ke3 Re2+ 62. Kf4 f2 63. Ra7+ Kd8 0-1

[Event "BRA-ch sf1 80th"]
[Site "Rio de Janeiro"]
[Date "2013.10.31"]
[Round "1"]
[White "Aranha Filho, Alvaro Zimmermann"]
[Black "Silva, Gustavo Queiroz Dos"]
[Result "1-0"]
[WhiteElo "2232"]
[BlackElo "1957"]
[PlyCount "65"]
[EventDate "2013.10.31"]
[EventType "swiss"]
[EventRounds "7"]
[EventCountry "BRA"]
[SourceTitle "EXT 2014"]
[Source "ChessBase"]
[SourceDate "2013.11.20"]
[SourceVersion "1"]
[SourceVersionDate "2013.11.20"]
[SourceQuality "1"]

1. d4 Nf6 2. c4 g6 3. Nc3 Bg7 4. e4 d6 5. Be2 0-0 6. Bg5 Nbd7 7. Qd2 c5 8. d5 Qa5 9. Nf3 a6 10. 0-0 Re8 11. Qc2 Ng4 12. h3 Nge5 13. Nxe5 Bxe5 14. Bd2 Qc7 15. f4 Bd4+ 16. Kh1 e6 17. Rae1 Nf6 18. Bf3 Rb8 19. Ne2 e5 20. b4 b6 21. Nxd4 exd4 22. a3 Bd7 23. bxc5 bxc5 24. g4 h5 25. f5 hxg4 26. hxg4 Nh7 27. fxg6 fxg6 28. e5 Rxe5 29. Rxe5 dxe5 30. Qxg6+ Kh8 31. Be4 Be8 32. Qh6 Kg8 33. Bxh7+ 1-0

[Event "Goiania Regional Center East"]
[Site "Goiania"]
[Date "2013.09.22"]
[Round "5"]
[White "Silva, Gustavo Queiroz Dos"]
[Black "Amaro, Jose Roberto"]
[Result "1-0"]
[WhiteElo "1957"]
[BlackElo "1927"]
[PlyCount "87"]
[EventDate "2013.09.20"]
[EventType "swiss"]
[EventRounds "6"]
[EventCountry "BRA"]
[SourceTitle "EXT 2016"]
[Source "ChessBase"]
[SourceDate "2015.10.08"]
[SourceVersion "1"]
[SourceVersionDate "2015.10.08"]
[SourceQuality "1"]

1. e4 c5 2. Nf3 d6 3. c3 Nf6 4. Be2 Nc6 5. d4 cxd4 6. cxd4 e6 7. Nc3 Be7 8. 0-0 a6 9. Bf4 0-0 10. d5 exd5 11. exd5 Nb8 12. Rc1 Nbd7 13. b4 b5 14. a4 bxa4 15. Nd4 Bb7 16. Nc6 Bxc6 17. dxc6 Ne5 18. Nd5 Nxd5 19. Qxd5 Qc7 20. Rfd1 h6 21. Qa5 Qxa5 22. bxa5 Rfc8 23. c7 Ra7 24. Bxe5 dxe5 25. Rd7 Bf6 26. Bc4 Bg5 27. Rc2 e4 28. g3 e3 29. fxe3 Bxe3+ 30. Kg2 Bg5 31. Rxf7 Kh8 32. Be6 Raa8 33. Bxc8 Rxc8 34. h4 Bf6 35. h5 Kg8 36. Rd7 Kf8 37. Rd6 Ke7 38. Rxa6 Kd7 39. Rac6 a3 40. R6c4 Be5 41. a6 a2 42. Rxa2 Bxc7 43. Rac2 Kd6 44. a7 1-0

[Event "Goias Interior-ch "]
[Site "Trindade"]
[Date "2013.08.18"]
[Round "5"]
[White "Santos, Luciano da Silva"]
[Black "Silva, Gustavo Queiroz Dos"]
[Result "0-1"]
[WhiteElo "1882"]
[BlackElo "1961"]
[PlyCount "92"]
[EventDate "2013.08.16"]
[EventType "swiss"]
[EventRounds "6"]
[EventCountry "BRA"]
[SourceTitle "EXT 2015"]
[Source "ChessBase"]
[SourceDate "2014.11.20"]
[SourceVersion "1"]
[SourceVersionDate "2014.11.20"]
[SourceQuality "1"]

1. b3 d5 2. Bb2 Bg4 3. g3 Nc6 4. Bg2 e5 5. d3 Nf6 6. Nf3 Bb4+ 7. c3 e4 8. dxe4 dxe4 9. Qxd8+ Rxd8 10. Ng5 Nd4 11. 0-0 Nxe2+ 12. Kh1 Bc5 13. Nxe4 Nxe4 14. Bxe4 Bh3 15. Bg2 Bxg2+ 16. Kxg2 0-0 17. Re1 Rfe8 18. Kf1 a5 19. a4 f5 20. Na3 Rd2 21. Nc4 Nxg3+ 22. Kg2 Rde2 23. Rxe2 Nxe2 24. Kf3 g5 25. Nxa5 g4+ 26. Kg2 Nf4+ 27. Kh1 b6 28. Nc4 Nd3 29. b4 Nxb2 30. Nxb2 Bxf2 31. Nd3 Be3 32. Re1 Kf7 33. a5 bxa5 34. bxa5 f4 35. a6 f3 36. c4 Re6 37. c5 Rxa6 38. Ne5+ Kg7 39. Nxg4 Bxc5 40. Rf1 Ra3 41. Ne5 f2 42. Kg2 Re3 43. Ng4 Re1 44. Nxf2 Rxf1 45. Kxf1 Bxf2 46. Kxf2 Kf6 0-1

[Event "Goias Interior-ch "]
[Site "Trindade"]
[Date "2013.08.16"]
[Round "1"]
[White "Okada, Dyogo Koithi"]
[Black "Silva, Gustavo Queiroz Dos"]
[Result "1/2-1/2"]
[WhiteElo "1683"]
[BlackElo "1961"]
[PlyCount "105"]
[EventDate "2013.08.16"]
[EventType "swiss"]
[EventRounds "6"]
[EventCountry "BRA"]
[SourceTitle "EXT 2015"]
[Source "ChessBase"]
[SourceDate "2014.11.20"]
[SourceVersion "1"]
[SourceVersionDate "2014.11.20"]
[SourceQuality "1"]

1. e4 e5 2. d4 exd4 3. Nf3 Nc6 4. Bc4 Bc5 5. c3 Nf6 6. Bg5 h6 7. Bh4 g5 8. Bg3 Nxe4 9. 0-0 d5 10. Re1 Be6 11. Bb5 Nxg3 12. hxg3 dxc3 13. Nxc3 Kf8 14. Bxc6 bxc6 15. Ne5 Qd6 16. Qf3 Kg7 17. Rad1 d4 18. Nxc6 Rhe8 19. Nb5 Qd7 20. Ncxd4 Bxd4 21. Nxd4 Bg4 22. Ne6+ Qxe6 23. Rxe6 Bxf3 24. Rxe8 Rxe8 25. gxf3 Re2 26. Rb1 a5 27. a3 Rc2 28. a4 Rc4 29. b3 Rb4 30. Rc1 Rxb3 31. Rxc7 Rb4 32. Kg2 Rxa4 33. Rc5 Ra1 34. g4 a4 35. Ra5 a3 36. f4 gxf4 37. Kf3 a2 38. Kxf4 Kg6 39. Kf3 Kf6 40. Kg2 Kg6 41. Kh2 Kg7 42. Kg2 f5 43. gxf5 Kf7 44. Kh2 h5 45. Kg2 h4 46. Kh2 h3 47. Ra6 Ke7 48. Ra3 Kf7 49. Ra6 Kg7 50. f6+ Kf7 51. Ra7+ Kxf6 52. Ra6+ Kf5 53. Ra5+ 1/2-1/2